000 00411nam a2200169Ia 4500
008 230524s9999 xx 000 0 und d
020 _a9780070669079
082 _a5.133
_bBAL
100 _aE.Balagurusamy
245 0 _aObject Oriented Programming with C++
250 _a1ST
260 _aNEW DELHI
_bTMH
_c2001
300 _aXII;321
500 _aQuantity Number: 27
650 _aComp-Sc
942 _cBK
999 _c17965
_d17965